[Event "ODJM A 2025"]
[Site "Willingen GER"]
[Date "2025.06.12"]
[Round "7"]
[White "Mimkes, Antal"]
[Black "Kololli, Martin"]
[Result "0-1"]
[Termination "normal"]
[Board "1"]
[BlackTitle "FM"]
[WhiteElo "2074"]
[BlackElo "2311"]
[WhiteClock "00:14:07"]
[BlackClock "00:14:20"]
[PlyCount "58"]
[WhiteFideId "16265963"]
[BlackFideId "12936910"]
[EventCountry "GER"]
[EventRounds "9"]
[EventType "swiss"]
[EventDate "2025.06.07"]

1. e4 {[%clk 01:30:50]} {[%emt 00:00:10]} e5 {[%clk 01:30:57]} {[%emt
00:00:04]} 2. Nf3 {[%clk 01:31:05]} {[%emt 00:00:14]} Nc6 {[%clk 01:31:20]}
{[%emt 00:00:07]} 3. Bb5 {[%clk 01:31:18]} {[%emt 00:00:17]} a6 {[%clk
01:31:43]} {[%emt 00:00:08]} 4. Ba4 {[%clk 01:31:26]} {[%emt 00:00:22]} d6
{[%clk 01:27:33]} {[%emt 00:04:41]} 5. d4 {[%clk 01:29:35]} {[%emt 00:02:21]}
b5 {[%clk 01:27:01]} {[%emt 00:01:01]} 6. Bb3 {[%clk 01:29:51]} {[%emt
00:00:13]} Nxd4 {[%clk 01:27:20]} {[%emt 00:00:11]} 7. Nxd4 {[%clk 01:29:36]}
{[%emt 00:00:45]} exd4 {[%clk 01:27:44]} {[%emt 00:00:06]} 8. e5 {[%clk
01:20:37]} {[%emt 00:09:30]} Bb7 {[%clk 00:48:19]} {[%emt 00:39:54]} 9. e6
{[%clk 01:08:22]} {[%emt 00:12:46]} d5 {[%clk 00:43:22]} {[%emt 00:05:27]} 10.
Qh5 {[%clk 00:46:16]} {[%emt 00:22:35]} Qe7 {[%clk 00:37:08]} {[%emt 00:06:43]}
11. O-O {[%clk 00:37:39]} {[%emt 00:09:07]} Qxe6 {[%clk 00:33:02]} {[%emt
00:04:36]} 12. Bg5 {[%clk 00:36:48]} {[%emt 00:01:21]} Nf6 {[%clk 00:26:11]}
{[%emt 00:07:21]} 13. Bxf6 {[%clk 00:35:18]} {[%emt 00:02:01]} Qxf6 {[%clk
00:23:13]} {[%emt 00:03:27]} 14. Bxd5 {[%clk 00:34:43]} {[%emt 00:01:05]} c6
{[%clk 00:19:40]} {[%emt 00:04:03]} 15. Be4 {[%clk 00:32:37]} {[%emt 00:02:36]}
g6 {[%clk 00:17:59]} {[%emt 00:02:11]} 16. Qh3 {[%clk 00:31:54]} {[%emt
00:01:13]} Bg7 {[%clk 00:16:33]} {[%emt 00:01:56]} 17. Nd2 {[%clk 00:29:11]}
{[%emt 00:03:13]} O-O {[%clk 00:15:39]} {[%emt 00:01:24]} 18. Qd7 {[%clk
00:24:22]} {[%emt 00:05:20]} Rab8 {[%clk 00:15:54]} {[%emt 00:00:15]} 19. Nb3
{[%clk 00:23:48]} {[%emt 00:01:04]} Qe5 {[%clk 00:15:43]} {[%emt 00:00:40]} 20.
Rfe1 {[%clk 00:22:31]} {[%emt 00:01:47]} Rfd8 {[%clk 00:14:48]} {[%emt
00:01:26]} 21. Qh3 {[%clk 00:22:55]} {[%emt 00:00:06]} Re8 {[%clk 00:14:27]}
{[%emt 00:00:52]} 22. Kf1 {[%clk 00:18:26]} {[%emt 00:04:58]} Qd6 {[%clk
00:14:20]} {[%emt 00:00:37]} 23. Na5 {[%clk 00:18:21]} {[%emt 00:00:34]} Ba8
{[%clk 00:13:12]} {[%emt 00:01:38]} 24. Re2 {[%clk 00:15:53]} {[%emt 00:02:58]}
f5 {[%clk 00:12:40]} {[%emt 00:01:02]} 25. Bf3 {[%clk 00:13:48]} {[%emt
00:02:35]} Rxe2 {[%clk 00:12:50]} {[%emt 00:00:20]} 26. Kxe2 {[%clk 00:13:39]}
{[%emt 00:00:39]} d3+ {[%clk 00:13:07]} {[%emt 00:00:12]} 27. cxd3 {[%clk
00:13:50]} {[%emt 00:00:20]} Re8+ {[%clk 00:13:32]} {[%emt 00:00:04]} 28. Kf1
{[%clk 00:13:58]} {[%emt 00:00:23]} Qxd3+ {[%clk 00:13:57]} {[%emt 00:00:05]}
29. Kg1 {[%clk 00:14:07]} {[%emt 00:00:21]} Qd2 {[%clk 00:14:20]} {[%emt
00:00:07]} 0-1

[Event "ODJM A 2025"]
[Site "Willingen GER"]
[Date "2025.06.12"]
[Round "7"]
[White "Lutze, Max"]
[Black "Mimkes, Pavel"]
[Result "1-0"]
[Termination "normal"]
[Board "2"]
[WhiteElo "2177"]
[BlackElo "2064"]
[WhiteClock "00:01:49"]
[BlackClock "00:01:11"]
[PlyCount "81"]
[WhiteFideId "34614850"]
[BlackFideId "12990833"]
[EventCountry "GER"]
[EventRounds "9"]
[EventType "swiss"]
[EventDate "2025.06.07"]

1. e4 {[%clk 01:30:57]} {[%emt 00:00:02]} c5 {[%clk 01:30:53]} {[%emt
00:00:08]} 2. Nf3 {[%clk 01:31:23]} {[%emt 00:00:03]} d6 {[%clk 01:31:19]}
{[%emt 00:00:06]} 3. d4 {[%clk 01:31:49]} {[%emt 00:00:03]} cxd4 {[%clk
01:31:44]} {[%emt 00:00:05]} 4. Nxd4 {[%clk 01:32:14]} {[%emt 00:00:05]} Nf6
{[%clk 01:32:06]} {[%emt 00:00:06]} 5. Nc3 {[%clk 01:32:41]} {[%emt 00:00:05]}
a6 {[%clk 01:32:29]} {[%emt 00:00:06]} 6. Bc4 {[%clk 01:33:07]} {[%emt
00:00:05]} e6 {[%clk 01:32:40]} {[%emt 00:00:20]} 7. Be3 {[%clk 01:33:31]}
{[%emt 00:00:06]} Be7 {[%clk 01:32:17]} {[%emt 00:00:51]} 8. Bb3 {[%clk
01:33:42]} {[%emt 00:00:20]} b5 {[%clk 01:30:36]} {[%emt 00:02:11]} 9. a3
{[%clk 01:32:58]} {[%emt 00:01:14]} Bd7 {[%clk 01:25:38]} {[%emt 00:05:28]} 10.
Qe2 {[%clk 01:20:00]} {[%emt 00:13:28]} Nc6 {[%clk 01:24:12]} {[%emt 00:01:56]}
11. O-O-O {[%clk 01:11:59]} {[%emt 00:08:30]} Rc8 {[%clk 01:14:38]} {[%emt
00:10:04]} 12. Nxc6 {[%clk 00:56:35]} {[%emt 00:15:55]} Rxc6 {[%clk 01:12:01]}
{[%emt 00:03:08]} 13. f3 {[%clk 00:54:50]} {[%emt 00:02:14]} Qa5 {[%clk
01:03:41]} {[%emt 00:08:50]} 14. g4 {[%clk 00:54:05]} {[%emt 00:01:16]} Rxc3
{[%clk 00:51:41]} {[%emt 00:12:29]} 15. bxc3 {[%clk 00:54:18]} {[%emt
00:00:17]} O-O {[%clk 00:44:44]} {[%emt 00:07:28]} 16. g5 {[%clk 00:37:58]}
{[%emt 00:16:49]} Nh5 {[%clk 00:44:33]} {[%emt 00:00:41]} 17. Qd3 {[%clk
00:37:34]} {[%emt 00:00:54]} d5 {[%clk 00:35:20]} {[%emt 00:09:44]} 18. exd5
{[%clk 00:31:40]} {[%emt 00:06:23]} exd5 {[%clk 00:34:19]} {[%emt 00:01:31]}
19. Bxd5 {[%clk 00:28:54]} {[%emt 00:03:16]} Qxa3+ {[%clk 00:24:39]} {[%emt
00:10:11]} 20. Kd2 {[%clk 00:25:20]} {[%emt 00:04:03]} Rd8 {[%clk 00:22:37]}
{[%emt 00:02:32]} 21. Ke2 {[%clk 00:21:26]} {[%emt 00:04:25]} Be6 {[%clk
00:17:59]} {[%emt 00:05:08]} 22. Qe4 {[%clk 00:15:15]} {[%emt 00:06:40]} Rd6
{[%clk 00:12:30]} {[%emt 00:05:59]} 23. c4 {[%clk 00:11:33]} {[%emt 00:04:12]}
bxc4 {[%clk 00:11:16]} {[%emt 00:01:44]} 24. Bxc4 {[%clk 00:11:09]} {[%emt
00:00:55]} Qc3 {[%clk 00:08:35]} {[%emt 00:03:11]} 25. Qa8+ {[%clk 00:06:36]}
{[%emt 00:05:03]} Bf8 {[%clk 00:08:22]} {[%emt 00:00:43]} 26. Rxd6 {[%clk
00:01:37]} {[%emt 00:05:30]} Qxc2+ {[%clk 00:07:33]} {[%emt 00:01:19]} 27. Rd2
{[%clk 00:01:57]} {[%emt 00:00:09]} Qxc4+ {[%clk 00:07:50]} {[%emt 00:00:12]}
28. Kd1 {[%clk 00:01:16]} {[%emt 00:01:09]} Qb3+ {[%clk 00:07:14]} {[%emt
00:01:08]} 29. Ke2 {[%clk 00:01:38]} {[%emt 00:00:08]} Qc4+ {[%clk 00:07:00]}
{[%emt 00:00:45]} 30. Kd1 {[%clk 00:00:41]} {[%emt 00:01:27]} Qb5 {[%clk
00:01:43]} {[%emt 00:05:47]} 31. Rd8 {[%clk 00:00:34]} {[%emt 00:00:36]} Bb3+
{[%clk 00:01:50]} {[%emt 00:00:24]} 32. Ke1 {[%clk 00:00:39]} {[%emt 00:00:25]}
Qb4+ {[%clk 00:01:55]} {[%emt 00:00:25]} 33. Kf2 {[%clk 00:00:48]} {[%emt
00:00:21]} Bc4 {[%clk 00:01:19]} {[%emt 00:01:05]} 34. Rhd1 {[%clk 00:00:39]}
{[%emt 00:00:39]} h6 {[%clk 00:00:33]} {[%emt 00:01:17]} 35. Rxf8+ {[%clk
00:00:58]} {[%emt 00:00:11]} Kh7 {[%clk 00:00:56]} {[%emt 00:00:07]} 36. Qe4+
{[%clk 00:00:42]} {[%emt 00:00:45]} g6 {[%clk 00:01:20]} {[%emt 00:00:06]} 37.
Rxf7+ {[%clk 00:01:08]} {[%emt 00:00:05]} Ng7 {[%clk 00:01:27]} {[%emt
00:00:22]} 38. Rxg7+ {[%clk 00:01:05]} {[%emt 00:00:33]} Kxg7 {[%clk 00:01:51]}
{[%emt 00:00:07]} 39. Qe5+ {[%clk 00:01:30]} {[%emt 00:00:05]} Kg8 {[%clk
00:00:47]} {[%emt 00:01:34]} 40. Rd8+ {[%clk 00:01:49]} {[%emt 00:00:10]} Kf7
{[%clk 00:01:11]} {[%emt 00:00:06]} 41. Qf6# {[%emt 00:00:05]} 1-0

[Event "ODJM A 2025"]
[Site "Willingen GER"]
[Date "2025.06.12"]
[Round "7"]
[White "Menzel, Maximilian"]
[Black "Köhler, Lukas"]
[Result "1/2-1/2"]
[Termination "normal"]
[Board "3"]
[WhiteElo "2199"]
[BlackElo "2043"]
[WhiteClock "00:20:52"]
[BlackClock "00:29:07"]
[PlyCount "50"]
[WhiteFideId "34617280"]
[BlackFideId "16221990"]
[EventCountry "GER"]
[EventRounds "9"]
[EventType "swiss"]
[EventDate "2025.06.07"]

1. d4 {[%clk 01:30:57]} {[%emt 00:00:02]} Nf6 {[%clk 01:30:37]} {[%emt
00:00:24]} 2. Nf3 {[%clk 01:31:17]} {[%emt 00:00:11]} g6 {[%clk 01:30:35]}
{[%emt 00:00:31]} 3. c4 {[%clk 01:31:24]} {[%emt 00:00:23]} Bg7 {[%clk
01:30:36]} {[%emt 00:00:29]} 4. Nc3 {[%clk 01:29:57]} {[%emt 00:01:57]} O-O
{[%clk 01:30:23]} {[%emt 00:00:42]} 5. e4 {[%clk 01:30:21]} {[%emt 00:00:07]}
d6 {[%clk 01:30:40]} {[%emt 00:00:13]} 6. Be2 {[%clk 01:30:38]} {[%emt
00:00:13]} e5 {[%clk 01:30:49]} {[%emt 00:00:21]} 7. Be3 {[%clk 01:30:57]}
{[%emt 00:00:12]} Ng4 {[%clk 01:30:32]} {[%emt 00:00:46]} 8. Bg5 {[%clk
01:31:20]} {[%emt 00:00:08]} f6 {[%clk 01:30:55]} {[%emt 00:00:06]} 9. Bc1
{[%clk 01:31:40]} {[%emt 00:00:10]} exd4 {[%clk 01:30:47]} {[%emt 00:00:38]}
10. Nxd4 {[%clk 01:31:51]} {[%emt 00:00:19]} f5 {[%clk 01:30:09]} {[%emt
00:01:09]} 11. O-O {[%clk 01:27:39]} {[%emt 00:04:41]} Nh6 {[%clk 01:26:26]}
{[%emt 00:04:13]} 12. Bxh6 {[%clk 01:20:26]} {[%emt 00:07:43]} Bxh6 {[%clk
01:26:45]} {[%emt 00:00:11]} 13. exf5 {[%clk 01:20:47]} {[%emt 00:00:10]} gxf5
{[%clk 01:24:26]} {[%emt 00:02:48]} 14. Bf3 {[%clk 01:18:21]} {[%emt 00:02:55]}
c6 {[%clk 01:18:25]} {[%emt 00:06:31]} 15. Re1 {[%clk 01:04:39]} {[%emt
00:14:11]} Qf6 {[%clk 01:14:35]} {[%emt 00:04:21]} 16. Qd3 {[%clk 01:00:05]}
{[%emt 00:05:03]} Na6 {[%clk 01:01:57]} {[%emt 00:13:09]} 17. Rad1 {[%clk
00:58:17]} {[%emt 00:02:18]} Nc5 {[%clk 00:58:53]} {[%emt 00:03:33]} 18. Qc2
{[%clk 00:58:00]} {[%emt 00:00:48]} a5 {[%clk 00:57:07]} {[%emt 00:02:16]} 19.
Na4 {[%clk 00:46:27]} {[%emt 00:12:02]} Nxa4 {[%clk 00:47:48]} {[%emt
00:09:50]} 20. Qxa4 {[%clk 00:46:53]} {[%emt 00:00:03]} Bd7 {[%clk 00:44:56]}
{[%emt 00:03:23]} 21. c5 {[%clk 00:41:39]} {[%emt 00:05:44]} dxc5 {[%clk
00:39:15]} {[%emt 00:06:11]} 22. Qc4+ {[%clk 00:37:47]} {[%emt 00:04:22]} Kh8
{[%clk 00:38:55]} {[%emt 00:00:50]} 23. Ne6 {[%clk 00:32:03]} {[%emt 00:06:14]}
b5 {[%clk 00:32:39]} {[%emt 00:06:45]} 24. Qe2 {[%clk 00:21:31]} {[%emt
00:11:03]} Bxe6 {[%clk 00:31:12]} {[%emt 00:01:58]} 25. Qxe6 {[%clk 00:20:52]}
{[%emt 00:01:08]} Qxe6 {[%clk 00:29:07]} {[%emt 00:02:36]} 1/2-1/2

[Event "ODJM A 2025"]
[Site "Willingen GER"]
[Date "2025.06.12"]
[Round "7"]
[White "Kliashtornyi, Arkadii"]
[Black "Weidenhöfer, Max"]
[Result "1-0"]
[Termination "normal"]
[Board "4"]
[BlackTitle "CM"]
[WhiteElo "2194"]
[BlackElo "2170"]
[WhiteClock "00:18:49"]
[BlackClock "00:16:30"]
[PlyCount "57"]
[WhiteFideId "34119698"]
[BlackFideId "16230566"]
[EventCountry "GER"]
[EventRounds "9"]
[EventType "swiss"]
[EventDate "2025.06.07"]

1. d4 {[%clk 01:30:57]} {[%emt 00:00:04]} d5 {[%clk 01:30:03]} {[%emt
00:00:57]} 2. Nf3 {[%clk 01:31:20]} {[%emt 00:00:07]} Nf6 {[%clk 01:30:26]}
{[%emt 00:00:06]} 3. g3 {[%clk 01:31:44]} {[%emt 00:00:06]} e6 {[%clk
01:30:46]} {[%emt 00:00:10]} 4. Bg2 {[%clk 01:32:07]} {[%emt 00:00:07]} Be7
{[%clk 01:31:08]} {[%emt 00:00:07]} 5. O-O {[%clk 01:32:30]} {[%emt 00:00:07]}
O-O {[%clk 01:31:33]} {[%emt 00:00:06]} 6. c4 {[%clk 01:32:56]} {[%emt
00:00:05]} c6 {[%clk 01:31:47]} {[%emt 00:00:16]} 7. Qc2 {[%clk 01:33:10]}
{[%emt 00:00:15]} b6 {[%clk 01:31:09]} {[%emt 00:01:08]} 8. Nbd2 {[%clk
01:31:57]} {[%emt 00:01:43]} Bb7 {[%clk 01:31:22]} {[%emt 00:00:17]} 9. e4
{[%clk 01:28:25]} {[%emt 00:04:01]} c5 {[%clk 01:31:45]} {[%emt 00:00:07]} 10.
e5 {[%clk 01:24:36]} {[%emt 00:04:20]} Nfd7 {[%clk 01:31:30]} {[%emt 00:00:44]}
11. dxc5 {[%clk 01:16:12]} {[%emt 00:08:55]} Bxc5 {[%clk 01:19:38]} {[%emt
00:12:23]} 12. a3 {[%clk 01:08:10]} {[%emt 00:08:32]} a5 {[%clk 01:10:44]}
{[%emt 00:09:24]} 13. cxd5 {[%clk 01:00:45]} {[%emt 00:07:54]} Bxd5 {[%clk
01:04:07]} {[%emt 00:07:06]} 14. Ne4 {[%clk 01:00:02]} {[%emt 00:01:14]} Be7
{[%clk 01:01:32]} {[%emt 00:03:05]} 15. Rd1 {[%clk 00:49:55]} {[%emt 00:10:37]}
a4 {[%clk 00:51:52]} {[%emt 00:10:10]} 16. Neg5 {[%clk 00:41:02]} {[%emt
00:09:23]} g6 {[%clk 00:51:31]} {[%emt 00:00:50]} 17. Rxd5 {[%clk 00:31:38]}
{[%emt 00:09:55]} exd5 {[%clk 00:51:00]} {[%emt 00:01:01]} 18. e6 {[%clk
00:31:53]} {[%emt 00:00:15]} Nc5 {[%clk 00:36:33]} {[%emt 00:14:57]} 19. Nxf7
{[%clk 00:27:59]} {[%emt 00:04:24]} Qc8 {[%clk 00:33:18]} {[%emt 00:03:45]} 20.
Qc3 {[%clk 00:26:51]} {[%emt 00:01:37]} Rxf7 {[%clk 00:22:39]} {[%emt
00:11:10]} 21. exf7+ {[%clk 00:27:18]} {[%emt 00:00:02]} Kxf7 {[%clk 00:23:00]}
{[%emt 00:00:10]} 22. Ng5+ {[%clk 00:26:32]} {[%emt 00:01:15]} Ke8 {[%clk
00:19:27]} {[%emt 00:04:03]} 23. Qh8+ {[%clk 00:25:31]} {[%emt 00:01:30]} Bf8
{[%clk 00:19:43]} {[%emt 00:00:15]} 24. Nxh7 {[%clk 00:25:14]} {[%emt
00:00:48]} Qf5 {[%clk 00:18:00]} {[%emt 00:02:13]} 25. Nf6+ {[%clk 00:22:57]}
{[%emt 00:02:46]} Ke7 {[%clk 00:16:34]} {[%emt 00:01:57]} 26. Nxd5+ {[%clk
00:23:05]} {[%emt 00:00:22]} Kf7 {[%clk 00:16:22]} {[%emt 00:00:42]} 27. Qh7+
{[%clk 00:22:33]} {[%emt 00:01:01]} Bg7 {[%clk 00:16:31]} {[%emt 00:00:21]} 28.
Bh6 {[%clk 00:20:51]} {[%emt 00:02:12]} Qe5 {[%clk 00:16:30]} {[%emt 00:00:31]}
29. Nxb6 {[%clk 00:18:49]} {[%emt 00:02:33]} 1-0

[Event "ODJM A 2025"]
[Site "Willingen GER"]
[Date "2025.06.12"]
[Round "7"]
[White "Winkler, Yonathan"]
[Black "Vortmeier, Jan"]
[Result "0-1"]
[Termination "normal"]
[Board "5"]
[WhiteElo "2201"]
[BlackElo "2039"]
[WhiteClock "00:12:02"]
[BlackClock "00:09:51"]
[PlyCount "106"]
[WhiteFideId "16266080"]
[BlackFideId "16261321"]
[EventCountry "GER"]
[EventRounds "9"]
[EventType "swiss"]
[EventDate "2025.06.07"]

1. e4 {[%clk 01:30:58]} e5 {[%clk 01:30:55]} {[%emt 00:00:06]} 2. Nf3 {[%clk
01:31:22]} {[%emt 00:00:06]} Nc6 {[%clk 01:31:20]} {[%emt 00:00:06]} 3. Nc3
{[%clk 01:31:47]} {[%emt 00:00:04]} Nf6 {[%clk 01:31:44]} {[%emt 00:00:06]} 4.
Bb5 {[%clk 01:32:12]} {[%emt 00:00:06]} Bc5 {[%clk 01:32:05]} {[%emt 00:00:09]}
5. O-O {[%clk 01:32:29]} {[%emt 00:00:13]} O-O {[%clk 01:31:48]} {[%emt
00:00:47]} 6. Nxe5 {[%clk 01:32:45]} {[%emt 00:00:15]} Nxe5 {[%clk 01:32:13]}
{[%emt 00:00:06]} 7. d4 {[%clk 01:33:09]} {[%emt 00:00:04]} Bd6 {[%clk
01:32:11]} {[%emt 00:00:32]} 8. f4 {[%clk 01:32:57]} {[%emt 00:00:42]} Neg4
{[%clk 01:31:21]} {[%emt 00:01:20]} 9. h3 {[%clk 01:26:52]} {[%emt 00:06:34]}
Bb4 {[%clk 01:28:17]} {[%emt 00:03:34]} 10. hxg4 {[%clk 01:21:53]} {[%emt
00:05:29]} Bxc3 {[%clk 01:27:02]} {[%emt 00:01:45]} 11. bxc3 {[%clk 01:22:16]}
{[%emt 00:00:07]} Nxe4 {[%clk 01:27:14]} {[%emt 00:00:18]} 12. Qf3 {[%clk
01:16:35]} {[%emt 00:06:11]} d5 {[%clk 01:25:14]} {[%emt 00:02:30]} 13. f5
{[%clk 01:12:57]} {[%emt 00:04:09]} c6 {[%clk 01:03:36]} {[%emt 00:22:08]} 14.
Bd3 {[%clk 01:09:36]} {[%emt 00:03:50]} Re8 {[%clk 00:58:30]} {[%emt 00:05:36]}
15. Re1 {[%clk 01:00:45]} {[%emt 00:09:21]} Qe7 {[%clk 00:40:25]} {[%emt
00:18:34]} 16. Bf4 {[%clk 00:44:09]} {[%emt 00:17:07]} h5 {[%clk 00:33:08]}
{[%emt 00:07:47]} 17. gxh5 {[%clk 00:37:36]} {[%emt 00:07:03]} Bxf5 {[%clk
00:33:26]} {[%emt 00:00:12]} 18. Rf1 {[%clk 00:28:31]} {[%emt 00:09:35]} Qe6
{[%clk 00:30:42]} {[%emt 00:03:14]} 19. Bxe4 {[%clk 00:25:39]} {[%emt
00:03:22]} Bxe4 {[%clk 00:29:57]} {[%emt 00:01:15]} 20. Qg3 {[%clk 00:26:05]}
{[%emt 00:00:04]} Kh7 {[%clk 00:21:24]} {[%emt 00:09:03]} 21. Rf2 {[%clk
00:25:43]} {[%emt 00:00:53]} f6 {[%clk 00:20:23]} {[%emt 00:01:29]} 22. Raf1
{[%clk 00:25:15]} {[%emt 00:00:59]} Rh8 {[%clk 00:19:30]} {[%emt 00:01:23]} 23.
Bc1 {[%clk 00:20:10]} {[%emt 00:05:35]} Raf8 {[%clk 00:18:35]} {[%emt
00:01:25]} 24. Qh4 {[%clk 00:18:41]} {[%emt 00:02:00]} Qe8 {[%clk 00:11:33]}
{[%emt 00:07:32]} 25. Ba3 {[%clk 00:12:22]} {[%emt 00:06:49]} Rf7 {[%clk
00:10:16]} {[%emt 00:01:47]} 26. g4 {[%clk 00:12:00]} {[%emt 00:00:52]} Kg8
{[%clk 00:09:45]} {[%emt 00:01:01]} 27. Rh2 {[%clk 00:06:59]} {[%emt 00:05:31]}
Qb8 {[%clk 00:05:38]} {[%emt 00:04:37]} 28. Qf2 {[%clk 00:06:47]} {[%emt
00:00:41]} Qc8 {[%clk 00:03:08]} {[%emt 00:03:00]} 29. Qf4 {[%clk 00:06:31]}
{[%emt 00:00:46]} Qe8 {[%clk 00:01:57]} {[%emt 00:01:42]} 30. Bd6 {[%clk
00:04:30]} {[%emt 00:02:31]} Rd7 {[%clk 00:01:36]} {[%emt 00:00:50]} 31. Ba3
{[%clk 00:04:09]} {[%emt 00:00:52]} Rf7 {[%clk 00:00:59]} {[%emt 00:01:06]} 32.
Bd6 {[%clk 00:03:48]} {[%emt 00:00:52]} Rd7 {[%clk 00:00:55]} {[%emt 00:00:35]}
33. Bb4 {[%clk 00:03:46]} {[%emt 00:00:31]} Rf7 {[%clk 00:00:41]} {[%emt
00:00:44]} 34. a4 {[%clk 00:04:06]} {[%emt 00:00:10]} b6 {[%clk 00:00:36]}
{[%emt 00:00:36]} 35. Rb1 {[%clk 00:02:54]} {[%emt 00:01:41]} Qe6 {[%clk
00:00:37]} {[%emt 00:00:30]} 36. a5 {[%clk 00:02:39]} {[%emt 00:00:45]} Kh7
{[%clk 00:00:47]} {[%emt 00:00:20]} 37. Rf1 {[%clk 00:02:38]} {[%emt 00:00:31]}
Rb7 {[%clk 00:00:39]} {[%emt 00:00:38]} 38. a6 {[%clk 00:01:46]} {[%emt
00:01:22]} Rd7 {[%clk 00:00:48]} {[%emt 00:00:20]} 39. Kf2 {[%clk 00:00:38]}
{[%emt 00:01:38]} Bxc2 {[%clk 00:00:42]} {[%emt 00:00:37]} 40. Kg3 {[%clk
00:00:45]} {[%emt 00:00:23]} Bd3 {[%clk 00:00:55]} {[%emt 00:00:17]} 41. Rf3
{[%clk 00:29:05]} {[%emt 00:02:10]} Qe1+ {[%clk 00:19:51]} {[%emt 00:11:34]}
42. Kh3 {[%clk 00:27:06]} {[%emt 00:02:29]} g5 {[%clk 00:16:38]} {[%emt
00:03:43]} 43. Qxf6 {[%clk 00:22:42]} {[%emt 00:04:53]} Qh4+ {[%clk 00:17:02]}
{[%emt 00:00:06]} 44. Kg2 {[%clk 00:23:08]} {[%emt 00:00:04]} Qxg4+ {[%clk
00:17:26]} {[%emt 00:00:07]} 45. Rg3 {[%clk 00:17:10]} {[%emt 00:06:27]} Qe2+
{[%clk 00:13:54]} {[%emt 00:04:03]} 46. Kh3 {[%clk 00:17:19]} {[%emt 00:00:21]}
Qf1+ {[%clk 00:12:22]} {[%emt 00:02:02]} 47. Qxf1 {[%clk 00:17:12]} {[%emt
00:00:36]} Bxf1+ {[%clk 00:12:47]} {[%emt 00:00:06]} 48. Kg4 {[%clk 00:17:36]}
{[%emt 00:00:05]} Re8 {[%clk 00:11:16]} {[%emt 00:02:01]} 49. Rg1 {[%clk
00:16:04]} {[%emt 00:02:02]} Re4+ {[%clk 00:11:17]} {[%emt 00:00:29]} 50. Kg3
{[%clk 00:16:24]} {[%emt 00:00:10]} Rf7 {[%clk 00:11:07]} {[%emt 00:00:41]} 51.
Bd6 {[%clk 00:12:26]} {[%emt 00:04:27]} Re3+ {[%clk 00:10:47]} {[%emt
00:00:50]} 52. Kg4 {[%clk 00:12:51]} {[%emt 00:00:06]} Bxa6 {[%clk 00:09:51]}
{[%emt 00:01:26]} 53. Rgg2 {[%clk 00:12:02]} {[%emt 00:01:18]} Kh6 {[%clk
00:09:51]} {[%emt 00:00:31]} 0-1